[Event "European Club Cup"]
[Site "?"]
[Date "2016.11.12"]
[Round "7"]
[White "Tirziman, R."]
[Black "Van Kemenade, R."]
[Result "1-0"]
[WhiteElo "1991"]
[BlackElo "1969"]
[Annotator "Rudy"]
[PlyCount "109"]
[EventDate "2016.??.??"]

1. e4 e5 2. Nf3 Nf6 3. Nxe5 d6 4. Nf3 Nxe4 5. Nc3 d5 6. Qe2 {after 25 mins, Wh
had prepared against a Philidor} Be7 7. Nxe4 dxe4 8. Qxe4 O-O 9. Bc4 {main} (9.
Bd3 g6 10. O-O Nc6 11. Bb5 Bf5 12. Qa4 Nb4 {is dangerous for Wh, eg Arnold-Van
Kemenade, Bradford League 1982,0-1}) (9. Be2 Re8 10. O-O Bd6 11. Qd3 Nc6 12. c3
Qf6 {Loman-Marshall. London 1902, 0-1}) (9. d4 Re8 (9... Bd6 $6 {
Hutchinson-Van Kemenade, BCF Seniors Aberystwyth 2014,0-1}) 10. Ne5 Nc6 11. Bc4
Nxe5 12. dxe5 Bb4+ 13. c3 Bd6 14. f4 Qh4+ 15. g3 Qh5 {Perlis-Forgacs, Barmen
Masters 1905,0-1}) 9... Bd6 (9... Bf6 {alternative}) 10. O-O (10. d4 Re8 11.
Ne5 Bxe5 12. dxe5 Nc6 (12... Qe7 13. f4 Bf5 14. Qxf5 Qb4+ 15. Bd2 Qxc4 16. Qd3
Qa4 {Leonhardt-Schlechter. Barmen Masters 1905, 1/2-1/2}) 13. Bf4 Qe7 14. O-O {
RS Jones-Van Kemenade,West Wales Open 2012,1-0}) 10... Re8 11. Qd3 (11. Qh4
Qxh4 12. Nxh4 Re4 {Payne-Van Kemenade, BCF AM open, Aberystwyth2014 & 17 other
games by Bl player, mostly blitz}) (11. Qd5 Be6 12. Qxb7 (12. Qb5 a6 13. Qb3 b5
14. Bxe6 Rxe6 15. d4 Rg6 {Kett-Van Kemenade,S Wales Autumn 2013, 1-0}) 12...
Bxc4 13. Qxa8 Bd5 $1 $19 {0-4 blitz games}) 11... Qf6 (11... Nc6 12. b3 Qf6 13.
Bb2 $1 (13. Qc3 Qg6 {Esser-Marshall, Amsterdam 1911,0-1}) 13... Qxb2 14. Ng5
$16 {Alekhine-Rabinovich, Moscow 1918, 1-0; though Bl could have defended
better. The only game discussed in the modern theory books}) 12. Re1 (12. Qc3
Qg6 13. d4 Nc6 14. Ng5 Rf8 15. Bd3 (15. a3 h6 16. Nf3 Bf5 {Goodger-Van
Kemenade, Leyland open 2012, 1/2-1/2}) 15... Bf5 16. Bxf5 Qxf5 17. a3 Rad8 {
Hickman-Van Kemenade, S Wales Int , Penarth 2012,0-1}) 12... Rxe1+ 13. Nxe1 Nc6
(13... Bf5 14. Qd5 Nc6 15. d3 Rd8 16. Qf3 Nd4 17. Qd1 Qh4 {Frieda
-Hearthstones9,Internet blitz game, Playchess.com 2013, 0-1}) 14. Qf1 Qh6 (
14... Qe5 15. g3 Nd4 16. c3 Qxe1 17. cxd4 (17. Qxe1 Nf3+ 18. Kf1 Bh3+ 19. Ke2
Re8+ 20. Kxf3 Rxe1 $19 {Komodo10}) 17... Qe4 18. Qe2 Bf5 19. Qxe4 Bxe4 $11 {
Komodo10}) 15. h3 {Wh was getting very short of time} (15. g3 {may be better}
Bh3 16. Qe2 (16. Ng2 Nd4 17. Qd1 Bxg2 18. Kxg2 Bxg3 19. fxg3 Qc6+ 20. Kf2 Qxc4
$15) 16... Qf6 17. c3 Ne5 18. Bd5 Re8 19. Be4 (19. Bxb7 Nf3+ $19) 19... Ng4 20.
Nf3 h6 21. d3 Bc5 22. d4 Qg6 23. Nd2 Bd6 24. Qd3 Qh5 $17 {Komodo10; vey
similar patterns to a Marshall Gambit in the Ruy Lopez}) 15... Qg6 (15... Bxh3
{considered} 16. d4 {Bl saw this move, but missed the follow up ; also not
quickly found by team mates afterwards} (16. gxh3 Qf4 17. Bxf7+ Kxf7 (17...
Qxf7 18. b3 Re8 $17 {pm anaysis}) 18. Qg2 Nd4 $17 19. b4 (19. Kf1 Qe5 $19)
19... Qe5 20. Nd3 Ne2+ 21. Kf1 Qxa1 22. Qd5+ Kf8 23. Kxe2 Re8+ $19 {Komodo10})
16... Qg6 $11) 16. Kh1 Nd4 (16... Qf6 17. c3 Bxh3 $1 18. gxh3 Qf4 19. Kg2 (19.
Qg2 Qxc4 $19 (19... Re8 $19)) 19... Qh2+ 20. Kf3 Qf4+ 21. Kg2 Qh2+ $11 {
Komodo10}) (16... Bxh3 17. gxh3 Qe4+ 18. Ng2 Qf3 19. Kg1 Qxh3 20. f4 Bc5+ 21.
Ne3 Qg3+ 22. Qg2 (22. Kh1 Nd4 23. Qg2 Qh4+ 24. Qh2 (24. Kg1 Qxf4 $17) 24...
Qe1+ 25. Qg1 Qh4+ $11) 22... Qxf4 $11 {Komodo10}) 17. c3 (17. d3 Qf6 $11 (17...
Qh5 $11)) 17... Nf5 18. Nf3 $16 Bd7 (18... Be6 $5) 19. d4 Re8 20. Bd2 a6 (20...
Bc6) 21. Re1 Rxe1 22. Qxe1 Bc6 (22... b5 {holds up the defence of the d5 pawn
by c4} 23. Bb3 {considered, but Bl was wanting to keep a Qd1 possibility}) (
22... h6 23. Kg1 Bc6 24. d5 Bd7 25. Bd3 Qf6 26. Qe4 g6 27. Qe1 $16 {Komodo10})
23. d5 Bd7 24. Qe2 {by now till move 40 Wh was surviving on increments} (24.
Ne5 Bxe5 25. Qxe5 Nd6 (25... Qd6 26. Bf4 Qxe5 27. Bxe5 Nd6 28. Bd3 $18) 26. Qe7
h6 27. Qxd7 Nxc4 28. Bf4 Qb1+ 29. Kh2 Qe4 30. Qxc7 Qxd5 31. b3 Nd2 32. f3 $16 {
Komodo10}) 24... Qh5 (24... Ne7 25. Bf4 Qb1+ 26. Ng1 Kf8 27. Bxd6 cxd6 28. Bb3
Qc1 29. Kh2 b5 $14 {Komodo10}) 25. Qe4 (25. Kg1) 25... Ne7 (25... b5 26. Bb3
Ne7 27. Bf4 $16) 26. Kg1 Bf5 (26... Kf8 {Komodo10}) 27. Qe3 h6 {preventing Qg5
to keep things complex} (27... Bd7 28. Qg5 Qxg5 29. Bxg5 h6 30. Bxe7 Bxe7 31.
Ne5 Be8 $14 {Komodo10}) 28. Bb3 (28. Be2 $16) 28... Bd7 29. c4 $16 Ng6 (29...
Nf5 30. Qa7 Nh4 31. Nxh4 Qxh4 32. c5 Be5 33. Qxb7 $16 {Komodo10}) 30. Qe4 (30.
c5 Bf4 31. Qe4 Bxd2 32. Nxd2 Qg5 33. Nc4 Kf8 34. Kh2 $16 {Komodo10}) 30... Bf5
31. Qe8+ Nf8 32. Nd4 (32. Qe3 Nd7 33. g4 Qxh3 34. gxf5 Bc5 35. Qe8+ Kh7 36. Bd1
Qg4+ 37. Kf1 Qxc4+ 38. Qe2 $16 {Komodo10}) 32... Bd7 (32... Bxh3 $1 {pm
analysis, yields Bl at least a draw} 33. gxh3 Qxh3 34. Qe3 (34. f4 Qg3+ 35. Kf1
(35. Kh1 Qh3+ $11) 35... Qd3+ 36. Ne2 (36. Qe2 Qxd4 $17) 36... Qxd2 37. c5 Bxc5
38. d6 Bxd6 39. Qxf7+ Kh7 40. Qg8+ Kg6 41. Qf7+ Kh7 42. Qg8+ $11) 34... Bh2+
35. Kh1 Bg3+ 36. Kg1 Bh2+) 33. Qe4 f5 $6 (33... Ng6) 34. Qf3 (34. Qd3 $18 {
Komodo10}) 34... Qf7 (34... Qxf3 35. Nxf3 Ng6 36. Bc3 b5 $16) 35. Bc2 {Wh
still living on increments} (35. c5 Bxc5 36. d6 $18 Ne6 37. Nxe6 Bxe6 38. Bxe6
Qxe6 39. dxc7 {Komodo10;something like this looked at in pm analysis}) 35... f4
(35... g6 36. Bxh6 Qf6 37. Qd3 Bc5 38. Nb3 Bxf2+ 39. Kxf2 Qh4+ 40. Kf3 Qxh6 41.
Qe3 $16 {Komodo10}) 36. Qe4 $18 g5 (36... b5 $5) 37. b4 {a very strong move,
that dooms the Bl QRP in subsequent endgames} b6 38. Bc3 g4 {merely weakens
Bl's position further, but difficult finding any active ideas} (38... Qe7 39.
Nf5 Qxe4 40. Bxe4 Bxf5 41. Bxf5 Kf7 42. Bc8 $18) 39. hxg4 (39. c5 $18 {Komodo10
}) (39. Nc6 $18 {Komodo10} Bxc6 (39... gxh3 40. Qd4 Ng6 41. c5 bxc5 42. bxc5
Bf8 43. Bxg6 Qxg6 44. Qh8+ Kf7 45. Ne5+ $18) 40. dxc6 Qe6 41. Qd4 Kf7 42. c5
bxc5 43. bxc5 Be7 44. Bb3 $18 {Komodo10}) 39... Bxg4 40. Nf5 (40. c5 $18 {
Komodo10}) (40. Nc6 $18 {Komodo10}) 40... Bxf5 41. Qxf5 Qe7 (41... Qxf5 42.
Bxf5 {the N is confined to the back rank & the QRP is lost}) (41... Nd7 {
Komodo10} 42. Qg4+ Kf8 43. Bg6 Qe7 44. c5 bxc5 45. bxc5 Be5 (45... Bxc5 46.
Qf5+ Kg8 47. d6 {mating; Komodo10}) 46. Bxe5 Nxe5 47. Qxf4+ Kg8 48. Bf5 Qf6 49.
Qg3+ Kh8 50. Be6 Qg7 51. Qxg7+ Kxg7 52. f4 $18) 42. Qg4+ (42. c5 $18 bxc5 43.
bxc5 Bxc5 44. d6 Bxd6 45. Bb3+ {Komodo10}) 42... Kf7 (42... Qg5 43. Qxg5+ hxg5
44. Bf5 $18) 43. Qh5+ Kg8 44. a3 (44. c5 $1 $18 {Komodo10}) 44... Qg5 45. Qxg5+
hxg5 46. Bf5 a5 (46... Kf7 47. Bc8 Ng6 48. Bxa6 Ke7 (48... Ne5 49. c5 $18) 49.
Kf1 {and Wh just has to push the a pawn to win}) 47. bxa5 (47. c5 Be7 48. d6
$18 cxd6 49. cxb6 $18) 47... bxa5 48. Bxa5 Kf7 49. Bc3 Ng6 (49... Bxa3 50. Kf1
(50. Be5 Bd6 51. Bxd6 cxd6 52. Kf1 Kf6 53. Bc2 Ke5 54. Ke2 Nd7 {holds with a
blockade}) (50. Bd4 Be7 51. Bc3 Ng6 52. Kf1 Nh4 53. Be4 Bc5 54. Ke2 $18) 50...
Be7 (50... Bd6) (50... Bc5) 51. Ke2 Bf6 52. Ba5 Be5 53. Kf3 Kf6 54. Ke4 $18 {
but it takes longer}) 50. Bxg6+ Kxg6 51. Bb4 Bxb4 52. axb4 Kf5 53. b5 Ke5 54.
Kf1 Kd4 (54... Kd6 55. Ke2 Kc5 56. Kd3 (56. Kf3 Kxc4 57. d6)) 55. b6 1-0

[Event "32nd European Club Cup"]
[Site "Novi Sad"]
[Date "2016.11.12"]
[Round "7.30"]
[White "Haigh, Tony"]
[Black "Scott, Luke"]
[Result "0-1"]
[WhiteElo "1810"]
[BlackElo "2016"]
[Annotator "Rudy"]
[PlyCount "64"]
[EventDate "2016.11.06"]
[WhiteTeam "EDI"]
[BlackTeam "BUT"]

1. d4 Nf6 2. Bg5 d5 3. Bxf6 gxf6 4. c4 (4. e3 c5 5. c3 Qb6 6. Qb3 {main}) 4...
dxc4 (4... c6) 5. e3 c5 6. d5 (6. Bxc4 {main}) 6... Bg7 (6... b5 7. a4 Bb7 8.
axb5 Qxd5 9. Qxd5 Bxd5 10. Nc3 Bb7 $11 {Collier-Hebden, Monarch Assurance,
Port Erin 2006,0-1}) 7. Bxc4 O-O 8. Nc3 (8. Nf3 Nd7 9. Nc3 Nb6 10. Bd3 f5 11.
e4 fxe4 12. Bxe4 f5 13. Bc2 Nc4 $15 {Graef-Farago, Donau op Aschach 1994,0-1})
(8. Ne2 Nd7 9. Nf4 Nb6 10. Bd3 f5 11. Nc3 Bxc3+ 12. bxc3 Nxd5 13. Nh5 Qd6 $15 {
K. Petrosian- Farago, BL2 , 1995,0-1}) 8... a6 9. a4 Nd7 10. Nge2 Ne5 11. Ba2
f5 $11 12. Qc2 (12. Ng3 $11) (12. O-O $11) (12. Nf4 $11) 12... e6 (12... b5 $15
) 13. Nf4 Qe7 14. O-O-O (14. O-O $14) (14. Nh5 Bh6 15. Qe2 b5 $11 {Komodo10})
14... b5 $17 15. b3 b4 (15... c4 $19) 16. Nce2 Bb7 (16... Ng4) 17. Kb1 Ng4 $19
(17... Ng6 $19) 18. Ng3 Qf6 (18... Nxf2 19. Qxf2 Qf6 {also works; Komodo10})
19. Kc1 Nxf2 $1 20. Qxf2 Qa1+ 21. Bb1 Qa3+ (21... Qc3+ $1 22. Qc2 (22. Bc2 Qb2+
23. Kd2 Bc3+ 24. Kd3 a5 25. Ke2 Qxc2+ 26. Kf3 Qxb3 $19) 22... Qxe3+ 23. Rd2 (
23. Qd2 Qxb3 $19) 23... Qxf4 $19 {Komodo10}) 22. Kd2 Qxb3 $11 23. Nge2 (23. Ke2
$11) (23. Ngh5 $11) (23. Qf3 Rad8 $15 {all Komodo10}) 23... a5 (23... Bxd5 $17)
(23... Rad8 $17) 24. Bc2 (24. Ke1 $11) (24. Qg3 Kh8 25. Ke1 $11 {Komodo10})
24... Bc3+ (24... Qa2 $19 {Komodo10}) 25. Nxc3 Qxc3+ 26. Kc1 b3 $15 27. Qd2 (
27. Rd3 Qxc2+ 28. Qxc2 bxc2 29. Rb3 Ra7 30. Rb5 e5 31. Nh5 Rd8 32. Rxc5 $17)
27... Qa1+ (27... b2+ 28. Kb1 Qa3 29. Bxf5 Qa1+ 30. Kc2 Qxa4+ 31. Kxb2 exf5 $17
{Komodo10}) 28. Bb1 $11 c4 29. Qb2 Qxa4 30. dxe6 (30. Qf6 c3 (30... Rfe8 31.
Nh5 $18 Qa3+ (31... Kf8 32. Qg7+ Ke7 33. d6+ Kd8 34. Qf6+ Kc8 35. d7+ $18) 32.
Kd2 Qf8 33. Ke2 c3 34. g4 Ba6+ 35. Kf2 f4 36. Qxc3 $18) 31. Qg5+ Kh8 32. Qf6+
$11 {perpetual, Komodo10}) 30... c3 $19 31. exf7+ Rxf7 32. Qxc3 Rc8 0-1

[Event "32nd European Club Cup"]
[Site "Novi Sad"]
[Date "2016.11.12"]
[Round "7.30"]
[White "Benson, Oisin P"]
[Black "Van Kemenade, J."]
[Result "1-0"]
[WhiteElo "1972"]
[BlackElo "1703"]
[Annotator "Rudy"]
[PlyCount "53"]
[EventDate "2016.11.06"]
[WhiteTeam "BUT"]
[BlackTeam "EDI"]

1. d4 d6 2. c4 Nf6 3. Nf3 c6 4. Nc3 Qc7 5. e4 e5 6. Be2 Nbd7 7. O-O Be7 8. Be3
(8. Re1) 8... h6 (8... O-O {main}) 9. Rc1 (9. d5 {main}) (9. Nh4 Ng4 10. Bxg4
Bxh4 11. f4 $14 {Komodo10}) 9... Nf8 {because Wh had played e3 then e4, with
Bl to play here, g5 went immediately with extra tempo, Milligan-Davidovic, Aus
ch Major, Brisbane 2005,0-1} (9... Ng4 10. Bd2 Nf8 11. h3 Nf6 12. Qc2 g5 13.
dxe5 dxe5 14. Be3 g4 15. hxg4 Nxg4 $11 {Wimert-Harren, Karlkrona op Rodeby
1998,0-1}) 10. b4 Rg8 11. d5 g5 12. c5 $18 Ng6 13. dxc6 (13. Nd2 $18) (13. Qb3
$18 {Komodo10}) 13... bxc6 14. cxd6 Qxd6 $16 15. Qa4 (15. Qxd6 {given by
official website & soon they can't see how to continue}) 15... Bd7 16. b5 Nf4 (
16... Kf8 $5) 17. Bc4 Ng4 18. Rfd1 (18. Bxf4 gxf4 19. bxc6 Bxc6 20. Bb5 Nxh2
21. Kxh2 (21. Bxc6+ Kf8 22. Kxh2) 21... Qg6 22. Bxc6+ Kf8 23. g3 fxg3+ 24. Kg2
gxf2+ 25. Kxf2 Qg2+ 26. Ke1 $18 {Komodo10}) 18... Qf6 19. Bxf4 gxf4 20. bxc6 (
20. Rxd7 {Komodo10} Kxd7 21. bxc6+ Ke8 22. Nd5 Qg6 23. c7+ Kf8 24. Ba6 Nxh2 25.
c8=Q+ Kg7 26. Nxe5 $18 {Komodo10}) 20... Bxc6 21. Bb5 Bxb5 (21... Nxf2 22.
Bxc6+ Kf8 23. Nd5 Qg6 24. Ne1 Nh3+ 25. Kf1 (25. Kh1 Nf2+ $11) 25... f3 26. g3
$18 {Komodo10}) 22. Qxb5+ Kf8 23. h3 (23. Nd5 Qe6 (23... Qg6 24. Nxe7 Kxe7 25.
Qb4+ Ke8 26. Rc7) 24. Rc6 Bd6 25. Nc3 Rd8 26. Qa6 Nxh2 27. Kxh2 Qg4 28. Ne1 $18
{Komodo10}) 23... h5 (23... Nxf2 24. Kxf2 Qg6 25. g4 fxg3+ 26. Kg2 $18) 24.
hxg4 (24. Nd5 $1 {Komodo10}) 24... hxg4 25. Nxe5 (25. Nd5 {Komodo10}) 25... Qh4
26. Qd5 $1 Rg7 (26... Kg7 27. Qxf7+ Kh8 28. Nd5 Rg7 29. Ng6+ (29. Nxe7 Rxf7 30.
Nxf7+ (30. N7g6+ Kg8 31. Nxh4)) 29... Rxg6 30. Qxg6 $18) 27. Qxa8+ 1-0